000 00423nam a2200145Ia 4500
008 240729s9999 xx 000 0 und d
022 _a2586-0585
245 0 _aJournal of Cosmetic Medicine
260 _aKorea, Republic of
260 _bKorean Society of Korean Cosmetic Surgery and medicine
650 _aMedicine
856 _uhttps://doaj.org/toc/44c7ed859c8643779f6b5fc8ff502fe8
942 _2ddc
942 _cDOAJEJ
999 _c74840
_d74840
945 _a1
_bMadushi Gamage
_c1
_dMadushi Gamage